Yak Nafar Japani (Record no. 2184)

MARC details
000 -LEADER
fixed length control field 00565nam a2200241 a 4500
020 ## - INTERNATIONAL STANDARD BOOK NUMBER
ISBN
082 00 - DEWEY DECIMAL CLASSIFICATION NUMBER
Classification number 234
Author Cutter KAN
100 ## - MAIN ENTRY--AUTHOR NAME
Author name Kanamori, Paul
245 ## - TITLE STATEMENT
Title Yak Nafar Japani
260 ## - PUBLICATION, DISTRIBUTION, ETC. (IMPRINT)
Place of publication Persia
Name of publisher No Publishers
Year of publication 1927
300 ## - PHYSICAL DESCRIPTION
Number of Pages 90p
500 ## - GENERAL NOTE
General note includes index and biblioraphy
505 2# - FORMATTED CONTENTS NOTE
Formatted contents note Hand Written Manuscript
650 ## - SUBJECT ADDED ENTRY--TOPICAL TERM
Topical Term Salvation
942 ## - ADDED ENTRY ELEMENTS (KOHA)
Koha item type Books
700 1# -
-- Kanamori, Paul
Holdings
Home library Current library Date acquired Cost, normal purchase price Full call number Accession Number Koha item type
Henry Martyn Institute Library Henry Martyn Institute Library 06/20/2007 100.00 234 KAN 4991 Archive Book
                   Copyright © 2026 | Henry Martyn Institute | Hyderabad | TS-500052 | INDIA | Implemented by hmi.edu.in
Hit-Count:

Powered by Koha